000 00297nam a2200109 4500
999 _c11332
_d11332
008 181116b ||||| |||| 00| 0 eng d
245 _aChild's play is good for all of us.
260 _aPhilippines
_bThe Philippine Star
_cc2017
300 _apage 18.
650 0 _932577
_aHealth.
942 _2ddc
_cPER